Päivitetty: Kaija Koon Tuotanto - Statistics

Yleistilastot
  • Tätä visaa on pelattu 334 kertaa
    35 viimeisimmän päivityksen jälkeen
  • Keskiarvotulos 24 / 156
Vastaustilastot
Levy Kappale % Oikein
Tinakenkätyttö Tinakenkätyttö
91%
Tuulten viemää Kuka keksi rakkauden
87%
Kuka sen opettaa Kuka sen opettaa
87%
Tuulikello Tuulikello
83%
Taipumaton Taipumaton
74%
Unihiekkamyrsky Unihiekkamyrsky
74%
Operaatio jalokivimeri Operaatio jalokivimeri
70%
Viiden minuutin hiljaisuus Viiden minuutin hiljaisuus
70%
Kun savukkeet on loppuneet Kun savukkeet on loppuneet
65%
Sinun naisesi Sinun naisesi
65%
Tuulten viemää Tuulten viemää
61%
Irti Vapaa
61%
Mikään ei riitä Mikään ei riitä
57%
Kuka sen opettaa Supernaiset
52%
Tuulten viemää | Tuulten viemää (-94 juhlapainos) Tule lähemmäs beibi
52%
Single Kaunis rietas onnellinen
48%
Tuulten viemää Hanat aukeaa
39%
Tuulten viemää Niin kaunis on hiljaisuus
39%
Sinun naisesi Siniset tikkaat
39%
Kuka sen opettaa Surulapsi
39%
Tuulten viemää Viimeinen lento
39%
Tuulikello Maailman tuulet vie
35%
Operaatio jalokivimeri Minun tuulessa soi
35%
Sinun naisesi Nää yöt ei anna armoo
35%
Irti Vanhaa suolaa
35%
Single Jos sua ei ois ollut
30%
Tinakenkätyttö Kaljaa pöytään
30%
Tuulten viemää | Tuulten viemää (-94 juhlapainos) Kylmä ilman sua
30%
Tuulikello Seuraavassa elämässä
30%
Kuka sen opettaa Sydän vähän kallellaan
30%
Kuka sen opettaa Ajoin koko yön
26%
Kun savukkeet on loppuneet Kaikki vanhat filmit
26%
Unihiekkamyrsky Minä muistan sinut
26%
Unihiekkamyrsky Avaruuden kevät
22%
Unihiekkamyrsky Ei yksi pääsky kesää tee
22%
Tinakenkätyttö Isä
22%
Kun savukkeet on loppuneet Jotakin tärkeää
22%
Kun savukkeet on loppuneet Kevään ensilunta
22%
Tuulten viemää Matkalla kotiin
22%
Single Sateenkaari pimeessä
22%
Viiden minuutin hiljaisuus Kylmät kyyneleet
17%
Unihiekkamyrsky Läpinäkyvää
17%
Taipumaton Mun sydän
17%
Kun savukkeet on loppuneet Pelkään sua, pelkäät mua
17%
H-Hetki Valeria
17%
Kuka sen opettaa En pelkää pimeää
13%
H-Hetki Erottamattomat
13%
Tinakenkätyttö EX-nainen
13%
Tinakenkätyttö Magneettimies
13%
Taipumaton Onnellinen loppu
13%
Taipumaton Räksyttävät koirat
13%
Tuulikello Taivas sisälläni
13%
Kun savukkeet on loppuneet Yösilmät
13%
Tinakenkätyttö Aino
9%
Kun savukkeet on loppuneet D.J. Alice
9%
Sinun naisesi Hillitse itsesi
9%
Operaatio jalokivimeri Hyviä öitä
9%
Sinun naisesi Joku jonka vuoksi kuolla
9%
Taipumaton Jos rakastaa niin rakastaa
9%
Kuka sen opettaa Kaksi lastua vain
9%
Irti Koruton
9%
Operaatio jalokivimeri Maraton
9%
H-Hetki Miltä se tuntuu
9%
Unihiekkamyrsky Mitä siitä
9%
Viiden minuutin hiljaisuus Mitä sitten Laura
9%
Kuka sen opettaa Muuttunut mies, muuttunut nainen
9%
Single Onnea matkaan
9%
Irti Onni vaihteita vaihtelee
9%
Single Paa mut cooleriin
9%
Single Päivä kerrallaan
9%
Operaatio jalokivimeri Päivät lentää
9%
Taipumaton Riidellään rakas
9%
Taipumaton Sateenkaari pimeässä
9%
Single Sattuu
9%
Irti Seinäruusu
9%
Operaatio jalokivimeri Siipiveikko
9%
Kuka sen opettaa Silmät kiinni
9%
Viiden minuutin hiljaisuus Taivas aukeaa
9%
Kuka sen opettaa Vihalla raivolla lämmöllä kaiholla
9%
Tuulikello Viisi vuodenaikaa
9%
Viiden minuutin hiljaisuus Aika jättää
4%
Viiden minuutin hiljaisuus Alan jo unohtaa
4%
Tinakenkätyttö Allaround-mies
4%
Sinun naisesi En ole valmis vielä lähtemään
4%
Mikään ei riitä Et voi satuttaa enää
4%
Mikään ei riitä Hakaniemen pitkä silta
4%
Mikään ei riitä Hallelujaa
4%
Sinun naisesi Hei DJ!
4%
Taipumaton Hullut päivät
4%
Viiden minuutin hiljaisuus Huone kahdelle
4%
Irti Ja mä laulan
4%
Tinakenkätyttö Joku toinen saa sua odottaa
4%
Tuulikello Kuiskaaja
4%
Unihiekkamyrsky Meidät on arvottu
4%
H-Hetki Mentävä on
4%
Viiden minuutin hiljaisuus Mikä sua vaivaa
4%
Irti Mul on yö
4%
H-Hetki Olen nähnyt rakkauden
4%
Mikään ei riitä O-ou
4%
Irti Rakkaus on voimaa
4%
H-Hetki Rukoilen
4%
H-Hetki Tanssii itsensä kanssa
4%
Tuulikello Tulisit edes käymään
4%
Single Tyhjyys
4%
Tinakenkätyttö Uni ei tuu
4%
Operaatio jalokivimeri Vedet virtailee
4%
Mikään ei riitä Yhtä kaikki
4%
Viiden minuutin hiljaisuus Anna anteeksi
0%
Single Antaa olla
0%
Kun savukkeet on loppuneet Eksyneet
0%
Taipumaton Eva (Nukutaan kielletyllä iholla)
0%
Sinun naisesi Huoli pois
0%
Viiden minuutin hiljaisuus Illan tullen
0%
H-Hetki Jotain häviää
0%
Tuulikello Jouluna kotiin
0%
Tinakenkätyttö Kanoottiretki
0%
Operaatio jalokivimeri Kenelle kellot soi
0%
Kun savukkeet on loppuneet Kerro että kaipaat
0%
Single Kolmen jälkeen aamulla
0%
Operaatio jalokivimeri Kultainen ranta
0%
Viiden minuutin hiljaisuus Me ei olla sankareita kaikki
0%
Tuulikello Menneen talven lumet
0%
Single Minä olen muistanut
0%
H-Hetki Minä uskon
0%
Mikään ei riitä Mitä jäljellä jää
0%
Taipumaton Mitä vaan
0%
Single Muodikkaat kasvot
0%
Unihiekkamyrsky Myrskyn synty
0%
Single Nopee hopee
0%
Mikään ei riitä Nuku pois
0%
Taipumaton Pelkkää voittoo
0%
Unihiekkamyrsky Pitkä hiljaisuus
0%
Viiden minuutin hiljaisuus Pois mielestä
0%
Tuulten viemää Rakkauden partaalla
0%
H-Hetki Rauhaa vaan
0%
Mikään ei riitä Saa koskettaa
0%
Mikään ei riitä Sä oot täällä tänään
0%
Operaatio jalokivimeri Savu hälvenee
0%
Tuulten viemää Seison vierelläsi
0%
Mikään ei riitä Siellä jossain
0%
Unihiekkamyrsky Sinua päin
0%
Unihiekkamyrsky Suurempi muita
0%
Kun savukkeet on loppuneet Suuri sydän
0%
H-Hetki Sydän laulaa
0%
Tinakenkätyttö Taas mua viedään
0%
Sinun naisesi Tahdon, mitä ne kaikki tahtoo
0%
Tuulten viemää Tämä yö
0%
Unihiekkamyrsky Totuus viiltää
0%
Irti Tulkoot tuulet
0%
Operaatio jalokivimeri Valomerkin aikaan
0%
Single Velho
0%
Tuulikello Viimeiset hitaat
0%
Tuulikello Viisasten kivi
0%
Taipumaton Vikaa ensimmäistä kertaa
0%
Ehtoja vastaavia visoja ei löytynyt
Tulosjakauma
Jokaisen tuloksen saaneiden osuus
Persentiili vastausten määrän mukaan
Tuloshistoriasi
Et ole pelannut tätä visaa sen viimeisimmän päivityksen jälkeen